| 000 | 00770nam a2200229 i 4500 | ||
|---|---|---|---|
| 001 | 117520 | ||
| 003 | ES-MaACL | ||
| 005 | 20230906190925.0 | ||
| 007 | t| | ||
| 008 | 070214s1975 ag |||| | spa d | ||
| 080 | _a821.134.2(72) Rulfo, Juan 1.07 | ||
| 100 | 1 |
_aPeralta, Violeta. _990380 |
|
| 245 | 1 | 0 |
_aRulfo : _bla soledad creadora / _cVioleta Peralta, Liliana Befumo Boschi. |
| 260 |
_aBuenos Aires : _bFernando García Cambeiro, _c1975. |
||
| 300 |
_a245 p. ; _c22 cm. |
||
| 490 | 1 |
_aEstudios latinoamericanos ; _v16 |
|
| 600 | 1 | 4 |
_aRulfo, Juan ( _d1917-1986)- _xCrítica e interpretación. _9173453 |
| 700 | 1 |
_aBefumo Boschi, Liliana. _927033 |
|
| 830 | 1 |
_aEstudios latinoamericanos ; _v16 _9191123 |
|
| 852 |
_aES-MaACL _jL-10275 |
||
| 999 |
_c117520 _d117520 |
||